Vista normal
Vista MARC
Entrada Materia (corporativa)
Número de registros utilizados en: 1
001 - CONTROL NUMBER
- control field: 167257
003 - CONTROL NUMBER IDENTIFIER
- control field: Co-BoUCM
005 - DATE AND TIME OF LATEST TRANSACTION
- control field: 20211111081945.0
008 - FIXED-LENGTH DATA ELEMENTS
- fixed length control field: 211111|| aca||aabn | a|a d
040 ## - CATALOGING SOURCE
- Original cataloging agency: Co-BoUCM
- Transcribing agency: Co-BoUCM
110 ## - HEADING--CORPORATE NAME
- Corporate name or jurisdiction name as entry element: Universidad del Tolima.
- Subordinate unit: Grupo de Investigación en Estrategias, Estructura y Cultura Organizacional. E.C.O
670 ## - SOURCE DATA FOUND
- Source citation: Work cat.: (Co-BoUCM)68833: Reinoso Lastra, Juan Fernando 167255, Los indicadores de gestión y su relación con la cultura organizacional, 2009